[Event "GER-chT U14"]
[Site "Verden an der Aller"]
[Date "2017.12.29"]
[Round "6.4"]
[White "Klonov, Jakov"]
[Black "Hamkar, Behzad"]
[Result "1-0"]
[WhiteElo "1158"]
[BlackElo "1145"]
[PlyCount "117"]
[EventDate "2017.12.26"]
[EventType "team-swiss"]
[EventRounds "7"]
[EventCountry "GER"]
[SourceTitle "CBM 182 Extra"]
[Source "ChessBase"]
[SourceDate "2018.02.23"]
[SourceVersion "1"]
[SourceVersionDate "2018.02.23"]
[SourceQuality "1"]
[WhiteTeam "Muenchen Suedost"]
[BlackTeam "Augsburg"]
[WhiteTeamCountry "GER"]
[BlackTeamCountry "GER"]

1. e4 e6 2. d4 d5 3. Nd2 dxe4 4. Nxe4 Nd7 5. Nf3 Ngf6 6. Bd3 Nxe4 7. Bxe4 Nf6 8. Bg5 Be7 9. Bxf6 Bxf6 10. 0-0 Be7 11. Re1 0-0 12. c3 c6 13. Re3 Qc7 14. Ne5 f6 15. Nc4 b6 16. Qh5 f5 17. Bd3 Rf6 18. Ne5 Bd6 19. Rh3 g6 20. Qh6 Qg7 21. Qg5 Rf8 22. Re1 Be7 23. Qg3 Bb7 24. Bc4 Bc8 25. Nxc6 Rf6 26. d5 Qf7 27. Qe5 Bb7 28. dxe6 Qf8 29. Nxe7+ Qxe7 30. Qb5 Bc8 31. Qb4 Qxb4 32. cxb4 Kf8 33. e7+ Ke8 34. Rhe3 Bd7 35. Bg8 h6 36. Bh7 Rc8 37. Rg3 Re6 38. Bxg6+ Kxe7 39. Rxe6+ Bxe6 40. Rc3 Rd8 41. Bh5 Bxa2 42. Rc7+ Rd7 43. Rxd7+ Kxd7 44. Kf1 Kc6 45. Be2 Kd5 46. Ke1 Bc4 47. Bf3+ Kd4 48. Kd2 Bb3 49. Be2 Ba4 50. Bd3 f4 51. g3 Ke5 52. g4 Bd7 53. f3 Kd4 54. h4 Ke5 55. g5 hxg5 56. hxg5 Be8 57. Be4 a6 58. Kc3 Bb5 59. Bd3 1-0

[Event "GER-chT U14"]
[Site "Verden an der Aller"]
[Date "2017.12.28"]
[Round "3.4"]
[White "Hamkar, Behzad"]
[Black "Movsisyan, Andranik"]
[Result "1-0"]
[WhiteElo "1145"]
[BlackElo "1576"]
[PlyCount "145"]
[EventDate "2017.12.26"]
[EventType "team-swiss"]
[EventRounds "7"]
[EventCountry "GER"]
[SourceTitle "CBM 182 Extra"]
[Source "ChessBase"]
[SourceDate "2018.02.23"]
[SourceVersion "1"]
[SourceVersionDate "2018.02.23"]
[SourceQuality "1"]
[WhiteTeam "Augsburg"]
[BlackTeam "Weisse Dame"]
[WhiteTeamCountry "GER"]
[BlackTeamCountry "GER"]

1. e4 e5 2. Nf3 Nc6 3. Bc4 Bc5 4. c3 Nf6 5. b4 Bb6 6. Qb3 0-0 7. d3 a5 8. b5 a4 9. Qc2 Ne7 10. Nxe5 d6 11. Nf3 Bg4 12. Be3 Bxf3 13. gxf3 Ng6 14. d4 d5 15. Bd3 Re8 16. e5 Nh5 17. Nd2 Qd7 18. Rb1 Qh3 19. Bf1 Qe6 20. c4 Nh4 21. f4 Ba5 22. Kd1 Bxd2 23. Bxd2 Qg4+ 24. Be2 Qg2 25. Rf1 Nf3 26. Qd3 Nxd2 27. Qxd2 Qxh2 28. Bxh5 Qxh5+ 29. Qe2 Qxe2+ 30. Kxe2 dxc4 31. Rfc1 Re7 32. Rxc4 c6 33. Rbb4 f6 34. Rxa4 Rxa4 35. Rxa4 g5 36. Kf3 gxf4 37. exf6 Rd7 38. Kxf4 Kf7 39. Ke5 Rd6 40. Rc4 Re6+ 41. Kf4 Rxf6+ 42. Ke3 Re6+ 43. Kd2 Re7 44. Rxc6 Rd7 45. Kc3 Kg7 46. d5 h5 47. d6 Rxd6 48. Rc7+ Kg6 49. Rc6 Rf6 50. Rxf6+ Kxf6 51. Kd3 Kg5 52. Ke2 Kg4 53. Kf1 Kf4 54. Kg2 Ke4 55. Kh3 Kd5 56. Kh4 Kc5 57. f4 Kxb5 58. f5 Kc6 59. Kxh5 Kd7 60. Kg6 Ke8 61. Kg7 Ke7 62. f6+ Kd6 63. f7 Kc5 64. f8Q+ Kb5 65. Qf4 Ka5 66. a4 Ka6 67. Qb4 Ka7 68. a5 Ka8 69. Qb6 Kb8 70. a6 Kc8 71. Qxb7+ Kd8 72. a7 Ke8 73. a8Q# 1-0